00549nam a22001817a 450000500170000001000130001702000260003003500130005603700240006908200160009310000150010924500420012426000450016627000630021130000270027449000260030150000400032720210216164951.0 aB-736899 a9780195642537c925.00 aB-736899 bGift/Eng/03-02-2021 a307.7720954 aK.S. Singh aThe scheduled tribes /bby K.S. Singh aNew DelhibOxford University Pressc2012 aYMCA Library Building, 1 Jai Singh RoadbNew Delhie110001 axii, 1266p.c22cm(pbk) aPeople of India vIII aincludes bibliographical references